Les buteurs de l'Allemagne au Championnat d'Europe de football 2012 - Statistiques

Statistiques générales
  • Ce quiz a été pris 12 fois
  • Le résultat moyen est 6 sur 10
Statistiques - réponses
Match Minute Buteur % Correct
Allemagne - Grèce 4-2 68' Miroslav Klose
92%
Allemagne - Portugal 1-0 72' Mario Gómez
75%
Pays-Bas - Allemagne 1-2 24' Mario Gómez
75%
Pays-Bas - Allemagne 1-2 38' Mario Gómez
75%
Allemagne - Grèce 4-2 39' Philipp Lahm
67%
Allemagne - Italie 1-2 90+2' Mesut Özil
58%
Allemagne - Grèce 4-2 74' Marco Reus
50%
Allemagne - Grèce 4-2 61' Sami Khedira
42%
Danemark - Allemagne 1-2 19' Lukas Podolski
33%
Danemark - Allemagne 1-2 80' Lars Bender
8%
Aucun quiz correspondant
Distribution des résultats
% des personnes avec chaque résultat
Percentile par nombre de réponses
Votre historique - résultats
Vous n’avez pas pris ce quiz